[Event "Titled Tuesday intern op 06th Feb Early"]
[Site "Chess.com INT"]
[Date "2024.02.06"]
[Round "1"]
[White "Salem, AR Saleh"]
[Black "Castellano, Christopher"]
[Result "1-0"]
[WhiteElo "2629"]
[BlackElo "2126"]
[PlyCount "51"]
[EventDate "2024.02.06"]
[EventType "swiss (blitz)"]
[EventRounds "11"]
[EventCountry "USA"]
[SourceTitle "CB07_2024"]
[SourceDate "2024.02.14"]
[SourceVersion "1"]
[SourceVersionDate "2024.02.14"]
[SourceQuality "1"]

1. Nf3 d6 2. d4 Nf6 3. g3 c6 4. Bg2 g6 5. 0-0 Bg7 6. c4 h5 7. Nc3 Qc7 8. h3 h4 9. g4 Nxg4 10. hxg4 h3 11. Bh1 Bxg4 12. Bf4 e5 13. dxe5 dxe5 14. Bg3 Nd7 15. Ne4 0-0-0 16. Nd6+ Kb8 17. Nxf7 Rde8 18. Nh2 Nc5 19. Nxh8 Rxh8 20. Nxg4 h2+ 21. Nxh2 Qe7 22. Bg2 Ne6 23. e3 Nf4 24. exf4 e4 25. Re1 Ka8 26. Rxe4 1-0

[Event "Titled Tuesday intern op 16th Jan Early"]
[Site "Chess.com INT"]
[Date "2024.01.16"]
[Round "5"]
[White "Toth, Lili1"]
[Black "Castellano, Christopher"]
[Result "0-1"]
[WhiteElo "1893"]
[BlackElo "2126"]
[PlyCount "58"]
[EventDate "2024.01.16"]
[EventType "swiss (blitz)"]
[EventRounds "11"]
[EventCountry "USA"]
[SourceTitle "CB04_2024"]
[SourceDate "2023.10.16"]
[SourceVersion "1"]
[SourceVersionDate "2023.10.16"]
[SourceQuality "1"]

1. d4 Nf6 2. Nf3 g6 3. Bf4 Bg7 4. Nc3 d5 5. e3 0-0 6. Bd3 c5 7. dxc5 Qa5 8. 0-0 Qxc5 9. Nb5 Na6 10. c3 Bd7 11. Nfd4 Nh5 12. Rc1 e5 13. Nb3 Qb6 14. Bg5 Bxb5 15. Bxb5 Qxb5 16. Be7 Rfe8 17. Ba3 Rad8 18. Qg4 b6 19. c4 dxc4 20. Rxc4 Nf6 21. Qe2 h5 22. Rfc1 Nd5 23. Qf3 Qd7 24. h3 b5 25. Rc6 Nb8 26. R6c5 e4 27. Qd1 b4 28. Bxb4 Nxb4 29. Qxd7 Nxd7 0-1

[Event "Titled Tuesday intern op 09th Jan Early"]
[Site "Chess.com INT"]
[Date "2024.01.09"]
[Round "10"]
[White "Castellano, Christopher"]
[Black "Stojanovski, Sandi"]
[Result "1-0"]
[WhiteElo "2126"]
[BlackElo "2169"]
[PlyCount "97"]
[EventDate "2024.01.09"]
[EventType "swiss (blitz)"]
[EventRounds "11"]
[EventCountry "USA"]
[SourceTitle "CB03_2024"]
[SourceDate "2024.01.17"]
[SourceVersion "1"]
[SourceVersionDate "2024.01.17"]
[SourceQuality "1"]

1. d4 Nf6 2. Bf4 e6 3. e3 d5 4. Nd2 Bd6 5. Bg3 0-0 6. Ngf3 c5 7. c3 b6 8. Bd3 Ba6 9. Bxa6 Nxa6 10. Qe2 Nb8 11. Rd1 Qc7 12. e4 dxe4 13. Nxe4 Nxe4 14. Qxe4 Nc6 15. dxc5 Bxg3 16. hxg3 h6 17. cxb6 axb6 18. a3 b5 19. 0-0 Ra4 20. Qe3 Rc4 21. Nd4 Nxd4 22. Rxd4 Rxd4 23. Qxd4 Qc4 24. Rd1 g6 25. b4 Rc8 26. Qxc4 Rxc4 27. Rd3 e5 28. f3 f5 29. Kf2 Kf7 30. Ke3 Ke6 31. Kd2 g5 32. Rd8 Kf6 33. Rb8 h5 34. Rxb5 h4 35. Kd3 Rc8 36. Rb6+ Kg7 37. gxh4 gxh4 38. a4 Kh7 39. Rb7+ Kh6 40. a5 Rg8 41. a6 Rxg2 42. a7 Ra2 43. b5 h3 44. b6 h2 45. Rb8 Kh7 46. b7 h1Q 47. Rh8+ Kg6 48. Rxh1 Rxa7 49. b8Q 1-0

[Event "Thailand op"]
[Site "Chiangmai"]
[Date "2023.07.02"]
[Round "6"]
[White "Castellano, Christopher"]
[Black "Nguyen, Vuong Tung Lam"]
[Result "0-1"]
[WhiteElo "2213"]
[BlackElo "1986"]
[PlyCount "156"]
[EventDate "2023.06.28"]
[EventType "swiss"]
[EventRounds "9"]
[EventCountry "THA"]
[SourceTitle "CBM 215 Extra"]
[Source "ChessBase"]
[SourceDate "2023.09.30"]
[SourceVersion "1"]
[SourceVersionDate "2023.09.30"]
[SourceQuality "1"]

1. Nf3 Nf6 2. d4 g6 3. Bf4 Bg7 4. e3 0-0 5. h3 d6 6. Be2 c5 7. c3 Nd5 8. Bh2 cxd4 9. exd4 Nc6 10. Qb3 Nb6 11. d5 Ne5 12. 0-0 e6 13. c4 Nxf3+ 14. Bxf3 e5 15. Nc3 Nd7 16. Qa3 Re8 17. Rad1 Bf8 18. b4 b6 19. Qb3 Ba6 20. Rfe1 Rc8 21. Be2 Qc7 22. Rc1 Bh6 23. Ne4 Bxc1 24. Rxc1 f5 25. Qa4 Bb7 26. Qxd7 Qxd7 27. Nf6+ Kf7 28. Nxd7 Bxd5 29. c5 Bc6 30. Ba6 Ra8 31. cxb6 Bxd7 32. Rc7 Ke6 33. bxa7 Bc8 34. Bc4+ d5 35. Rc6+ Kd7 36. Bxd5 Rxa7 37. Rc2 Rc7 38. Bc4 Bb7 39. Bb5+ Bc6 40. Rd2+ Ke6 41. Bxc6 Rxc6 42. Bxe5 Rec8 43. f4 Rc1+ 44. Kh2 R8c2 45. Rd6+ Ke7 46. a4 Ra2 47. Ra6 Rcc2 48. Kg3 Rxg2+ 49. Kf3 Rgc2 50. Ke3 Ra3+ 51. Kd4 Rxh3 52. b5 Rh1 53. Kd3 Rc8 54. b6 Rd8+ 55. Kc2 Rc8+ 56. Kb2 Rh2+ 57. Kb3 Rc1 58. a5 Rb1+ 59. Ka3 Kd7 60. Ra7+ Kc6 61. Rc7+ Kb5 62. Bc3 Rc2 63. b7 Ka6 64. Bb4 Rxb4 65. Kxb4 Rxc7 66. b8Q Rb7+ 67. Qxb7+ Kxb7 68. Kc5 h5 69. Kd4 Ka6 70. Ke5 h4 71. Kf6 h3 72. Kxg6 h2 73. Kxf5 h1Q 74. Kg5 Qh7 75. Kf6 Kxa5 76. f5 Kb6 77. Ke6 Kc7 78. f6 Kd8 0-1

[Event "Titled Tuesday intern op 7th Mar Early"]
[Site "Chess.com INT"]
[Date "2023.03.07"]
[Round "5"]
[White "Kozak, Antoni"]
[Black "Castellano, Christopher"]
[Result "1-0"]
[WhiteElo "2422"]
[BlackElo "2188"]
[PlyCount "89"]
[EventDate "2023.03.07"]
[EventType "swiss (blitz)"]
[EventRounds "11"]
[EventCountry "USA"]
[SourceTitle "EXT 2024"]
[Source "ChessBase"]
[SourceDate "2023.10.10"]
[SourceVersion "1"]
[SourceVersionDate "2023.10.10"]
[SourceQuality "1"]

1. Nf3 d5 2. g3 Nf6 3. Bg2 Bf5 4. 0-0 c6 5. d3 h6 6. c4 e6 7. Nc3 Nbd7 8. Re1 Bb4 9. Bd2 0-0 10. Rc1 Bh7 11. a3 Ba5 12. b4 Bb6 13. e4 Ng4 14. c5 Bc7 15. Qe2 a5 16. h3 Nge5 17. Nh2 axb4 18. axb4 d4 19. Nd1 Ra3 20. Nb2 Rb3 21. Rc2 f5 22. f4 fxe4 23. Bxe4 Bxe4 24. Qxe4 Nf6 25. Qe2 Nf7 26. Qxe6 Re8 27. Qxb3 Rxe1+ 28. Bxe1 Nd5 29. Bf2 Qe7 30. Nf3 g5 31. fxg5 hxg5 32. Nxd4 Qd7 33. Kg2 g4 34. h4 Kh7 35. Re2 Ne5 36. Re4 Qf7 37. Qc2 Nf6 38. Rf4 Qd5+ 39. Kh2 Nh5 40. Rf5 Nf3+ 41. Nxf3 Qxf5 42. Ng5+ Kg8 43. Qe2 Nf4 44. Qe8+ Kg7 45. Bd4+ 1-0

[Event "Chiang Mai op 20th"]
[Site "Chiangmai"]
[Date "2022.10.23"]
[Round "2"]
[White "Castellano, Christopher"]
[Black "Vaibhav, Suri"]
[Result "0-1"]
[WhiteElo "2134"]
[BlackElo "2610"]
[PlyCount "94"]
[EventDate "2022.10.22"]
[EventType "swiss"]
[EventRounds "9"]
[EventCountry "THA"]
[SourceTitle "EXT 2024"]
[Source "ChessBase"]
[SourceDate "2023.10.10"]
[SourceVersion "1"]
[SourceVersionDate "2023.10.10"]
[SourceQuality "1"]

1. d4 Nf6 2. Bf4 d5 3. e3 c5 4. Nf3 Nc6 5. Nbd2 Nh5 6. Bg5 h6 7. Bh4 g5 8. Ne5 Nxe5 9. dxe5 Ng7 10. Bg3 Nf5 11. Qh5 Bg7 12. c3 Qb6 13. 0-0-0 Nxg3 14. hxg3 Bxe5 15. f4 Bg7 16. e4 Be6 17. exd5 Bxd5 18. Bc4 Bxc4 19. Nxc4 Qe6 20. Ne5 gxf4 21. gxf4 Bxe5 22. fxe5 Rd8 23. Qf3 0-0 24. Rde1 Kh7 25. Re3 Rg8 26. Rh5 Rg6 27. Rf5 Kg7 28. Re4 Qxa2 29. e6 f6 30. Rxc5 Qa1+ 31. Kc2 Qg1 32. Rc7 Rxg2+ 33. Kb3 Rxb2+ 34. Kxb2 Rd2+ 35. Kb3 Qb1+ 36. Kc4 Qa2+ 37. Kb4 Rb2+ 38. Kc5 Qa3+ 39. Rb4 Qa5+ 40. Kd4 Rxb4+ 41. cxb4 Qxc7 42. Qg4+ Kf8 43. Kd3 b5 44. Ke3 Qc4 45. Qf5 Kg7 46. Kf2 Qxb4 47. Qd5 Qf4+ 0-1

[Event "Penang op 11th"]
[Site "Penang"]
[Date "2019.12.13"]
[Round "8"]
[White "Castellano, Christopher"]
[Black "Barath, Kalyan M"]
[Result "0-1"]
[WhiteElo "2133"]
[BlackElo "2063"]
[PlyCount "59"]
[EventDate "2019.12.09"]
[EventType "swiss"]
[EventRounds "9"]
[EventCountry "MAS"]
[SourceTitle "CBM 193 Extra"]
[Source "ChessBase"]
[SourceDate "2020.01.31"]
[SourceVersion "1"]
[SourceVersionDate "2020.01.31"]
[SourceQuality "1"]

1. d4 Nf6 2. Bf4 d5 3. e3 g6 4. Nc3 Bg7 5. h4 h6 6. Nf3 0-0 7. Qd2 c6 8. Bd3 Bf5 9. 0-0-0 b5 10. h5 Bxd3 11. Qxd3 Nxh5 12. Bxh6 Nd7 13. Bxg7 Kxg7 14. e4 b4 15. Ne2 Qa5 16. Kb1 Nf4 17. Ng5 dxe4 18. Nxe4 Rh8 19. Qf3 Qd5 20. N2g3 a5 21. Nf6 Qxf3 22. gxf3 Nxf6 23. Rxh8 Rxh8 24. Rh1 Rd8 25. c3 bxc3 26. bxc3 Rd5 27. Kb2 Nd7 28. Nf1 Rf5 29. Nd2 e5 30. Rc1 0-1

[Event "Penang op 11th"]
[Site "Penang"]
[Date "2019.12.12"]
[Round "6"]
[White "Castellano, Christopher"]
[Black "Lim, Chin Lee"]
[Result "1-0"]
[WhiteElo "2133"]
[BlackElo "2023"]
[PlyCount "38"]
[EventDate "2019.12.09"]
[EventType "swiss"]
[EventRounds "9"]
[EventCountry "MAS"]
[SourceTitle "CBM 193 Extra"]
[Source "ChessBase"]
[SourceDate "2020.01.31"]
[SourceVersion "1"]
[SourceVersionDate "2020.01.31"]
[SourceQuality "1"]

1. d4 c5 2. dxc5 e6 3. Nc3 Na6 4. e4 Bxc5 5. Bf4 Ne7 6. a3 Ng6 7. Bg3 0-0 8. Nf3 Nc7 9. h4 f5 10. exf5 exf5 11. Bc4+ Ne6 12. Ng5 f4 13. Qh5 h6 14. Qg4 hxg5 15. hxg5 b5 16. Bd5 fxg3 17. 0-0-0 d6 18. Bxe6+ Bxe6 19. Qxe6+ Rf7 1-0

[Event "Penang op 11th"]
[Site "Penang"]
[Date "2019.12.11"]
[Round "4"]
[White "Castellano, Christopher"]
[Black "Adarsh, Tripathi"]
[Result "1-0"]
[WhiteElo "2133"]
[BlackElo "1954"]
[PlyCount "129"]
[EventDate "2019.12.09"]
[EventType "swiss"]
[EventRounds "9"]
[EventCountry "MAS"]
[SourceTitle "CBM 193 Extra"]
[Source "ChessBase"]
[SourceDate "2020.01.31"]
[SourceVersion "1"]
[SourceVersionDate "2020.01.31"]
[SourceQuality "1"]

1. e4 c5 2. Nf3 g6 3. c3 Bg7 4. Bc4 e6 5. 0-0 Ne7 6. Re1 0-0 7. d3 d5 8. Bb3 Nbc6 9. Qe2 b6 10. e5 Ba6 11. a4 d4 12. c4 Bb7 13. Bf4 Nf5 14. Bg5 Qc7 15. Nbd2 Na5 16. Bc2 h6 17. Bf4 Qd8 18. Ne4 Bxe4 19. Qxe4 Nh4 20. Bd2 Nxf3+ 21. Qxf3 Qc7 22. b4 Nc6 23. b5 Nxe5 24. Qg3 Kh7 25. Bxh6 Bxh6 26. Rxe5 Kg8 27. Bd1 Bg7 28. Re1 Qxg3 29. hxg3 Bh6 30. Bf3 Bd2 31. Red1 Bc3 32. Bxa8 Bxa1 33. Rxa1 Rxa8 34. a5 Rd8 35. axb6 axb6 36. f4 Kg7 37. Kf2 Rd7 38. Ra6 Rb7 39. Kf3 f5 40. g4 Kf6 41. Ra8 Kg7 42. Kg3 Kf6 43. Kf3 Kg7 44. Ra6 Kf6 45. Ra1 Kf7 46. g3 Kf6 47. Ra8 Kf7 48. Ra6 Kf6 49. gxf5 exf5 50. g4 Kf7 51. Kg3 Kf6 52. Ra8 Re7 53. Rb8 Re6 54. Kh4 Rd6 55. Rb7 fxg4 56. Kxg4 Re6 57. Rb8 Rd6 58. Re8 Kf7 59. Rc8 Rf6 60. Rc7+ Ke6 61. Rb7 Rf5 62. Rxb6+ Kf7 63. Rc6 Rh5 64. b6 Rh1 65. Rxc5 1-0

[Event "Penang op 11th"]
[Site "Penang"]
[Date "2019.12.11"]
[Round "5"]
[White "Turqueza, Mari Joseph"]
[Black "Castellano, Christopher"]
[Result "1-0"]
[WhiteElo "2290"]
[BlackElo "2133"]
[PlyCount "59"]
[EventDate "2019.12.09"]
[EventType "swiss"]
[EventRounds "9"]
[EventCountry "MAS"]
[SourceTitle "CBM 193 Extra"]
[Source "ChessBase"]
[SourceDate "2020.01.31"]
[SourceVersion "1"]
[SourceVersionDate "2020.01.31"]
[SourceQuality "1"]

1. d4 Nf6 2. c4 e6 3. g3 Bb4+ 4. Bd2 Qe7 5. Bg2 Nc6 6. e3 d5 7. Qc2 Bxd2+ 8. Nxd2 0-0 9. Ne2 Rd8 10. Qb3 e5 11. cxd5 Nb4 12. Nc4 Nfxd5 13. Nxe5 Be6 14. Qd1 f6 15. Nd3 Nxd3+ 16. Qxd3 Nb4 17. Qd2 Bxa2 18. Bxb7 Rab8 19. Bg2 c5 20. 0-0 Bc4 21. Rfc1 Qf7 22. Bf1 Rd7 23. b3 Bxb3 24. Rxc5 Rc7 25. Nf4 Rxc5 26. dxc5 g5 27. Nd3 Nc6 28. Bg2 Rc8 29. Ra6 Qd7 30. Qc3 1-0

[Event "Johor op 6th"]
[Site "Johor"]
[Date "2019.12.06"]
[Round "7"]
[White "Sammed Jaykumar, Shete"]
[Black "Castellano, Christopher"]
[Result "1/2-1/2"]
[WhiteElo "2380"]
[BlackElo "2133"]
[PlyCount "56"]
[EventDate "2019.12.02"]
[EventType "swiss"]
[EventRounds "9"]
[EventCountry "MAS"]
[SourceTitle "CBM 193 Extra"]
[Source "ChessBase"]
[SourceDate "2020.01.31"]
[SourceVersion "1"]
[SourceVersionDate "2020.01.31"]
[SourceQuality "1"]

1. e4 e6 2. d4 d5 3. Nd2 dxe4 4. Nxe4 Bd7 5. Nf3 Bc6 6. Bd3 Nd7 7. 0-0 Ngf6 8. Ng3 Be7 9. c4 Bxf3 10. Qxf3 c5 11. Be3 Qb6 12. dxc5 Bxc5 13. Bf4 0-0 14. Rab1 a5 15. Ne4 Be7 16. b3 Rad8 17. Rfd1 Nxe4 18. Bxe4 Nc5 19. Be3 Rxd1+ 20. Rxd1 Rd8 21. g3 Rxd1+ 22. Qxd1 Qb4 23. Bc2 g6 24. Qa1 f6 25. Qd4 Qb6 26. Qc3 Qc7 27. b4 Nd7 28. c5 axb4 1/2-1/2

[Event "Ho Chi Minh City HD Bank op 9th"]
[Site "Ho Chi Minh City"]
[Date "2019.03.11"]
[Round "7"]
[White "Bao, Khoa"]
[Black "Castellano, Christopher"]
[Result "1-0"]
[WhiteElo "2277"]
[BlackElo "2166"]
[PlyCount "88"]
[EventDate "2019.03.07"]
[EventType "swiss"]
[EventRounds "9"]
[EventCountry "VIE"]
[SourceTitle "CBM 189 Extra"]
[Source "ChessBase"]
[SourceDate "2019.06.03"]
[SourceVersion "1"]
[SourceVersionDate "2019.06.03"]
[SourceQuality "1"]

1. d4 d5 2. c4 c6 3. Nf3 Nf6 4. Nc3 a6 5. e3 Bf5 6. Qb3 Ra7 7. a4 e6 8. a5 Nbd7 9. Be2 Bd6 10. Nh4 Bg4 11. f3 Bh5 12. g3 0-0 13. Bd2 Bc7 14. Qa4 dxc4 15. e4 b5 16. axb6 Nxb6 17. Qxc6 Qxd4 18. Nb5 axb5 19. Rxa7 Nbd5 20. Ra8 Nxe4 21. Rxf8+ Kxf8 22. fxe4 c3 23. Bg5 f6 24. exd5 cxb2 25. Qa8+ Ke7 26. Qa3+ Bd6 27. Qd3 Bb4+ 28. Kf1 Qxd5 29. Qxd5 b1Q+ 30. Kg2 Qxh1+ 31. Kxh1 exd5 32. Nf5+ Kf8 33. Bxh5 fxg5 34. Nd4 Bd2 35. Nxb5 Be3 36. Kg2 d4 37. Be2 g6 38. Kf3 h5 39. h3 Kg7 40. g4 h4 41. Ke4 Kf6 42. Bc4 Bg1 43. Nxd4 Bh2 44. Kd5 Bb8 1-0

[Event "Ho Chi Minh City HD Bank op 9th"]
[Site "Ho Chi Minh City"]
[Date "2019.03.09"]
[Round "4"]
[White "Castellano, Christopher"]
[Black "Nguyen, Hoang Duc"]
[Result "0-1"]
[WhiteElo "2166"]
[BlackElo "2066"]
[PlyCount "102"]
[EventDate "2019.03.07"]
[EventType "swiss"]
[EventRounds "9"]
[EventCountry "VIE"]
[SourceTitle "CBM 189 Extra"]
[Source "ChessBase"]
[SourceDate "2019.06.03"]
[SourceVersion "1"]
[SourceVersionDate "2019.06.03"]
[SourceQuality "1"]

1. d4 c5 2. d5 d6 3. c4 Nf6 4. Nc3 g6 5. e4 Bg7 6. Be2 0-0 7. Bg5 Na6 8. Qd2 Re8 9. h4 h5 10. f3 Nc7 11. Nh3 a6 12. a4 Rb8 13. Nf2 Bd7 14. Bh6 Bh8 15. f4 b5 16. e5 Kh7 17. Bg5 bxc4 18. 0-0 Rb4 19. Ra2 Bf5 20. exf6 exf6 21. g4 hxg4 22. Bxg4 Qd7 23. Nfe4 fxg5 24. Bxf5 gxf5 25. Nxg5+ Kg8 26. Kh2 Bd4 27. Nd1 Qe7 28. Qg2 Qe2 29. Nf2 Bxf2 30. Rxf2 Qg4 31. Ra3 Rb3 32. Rxb3 cxb3 33. Qxg4 fxg4 34. Kg3 f6 35. Ne6 Nxe6 36. dxe6 f5 37. h5 Rxe6 38. Kh4 d5 39. Kg5 Re3 40. Kxf5 g3 41. Rd2 d4 42. Kg6 d3 43. f5 c4 44. f6 Re2 45. Rd1 d2 46. h6 c3 47. h7+ Kh8 48. bxc3 b2 49. Rb1 g2 50. Rg1 Re1 51. f7 b1Q+ 0-1

[Event "Ho Chi Minh City HD Bank op 9th"]
[Site "Ho Chi Minh City"]
[Date "2019.03.08"]
[Round "2"]
[White "Castellano, Christopher"]
[Black "Bhambure, Shantanu"]
[Result "1/2-1/2"]
[WhiteElo "2166"]
[BlackElo "2220"]
[PlyCount "87"]
[EventDate "2019.03.07"]
[EventType "swiss"]
[EventRounds "9"]
[EventCountry "VIE"]
[SourceTitle "CBM 189 Extra"]
[Source "ChessBase"]
[SourceDate "2019.06.03"]
[SourceVersion "1"]
[SourceVersionDate "2019.06.03"]
[SourceQuality "1"]

1. d4 Nf6 2. Bf4 d5 3. e3 c5 4. Nf3 Nc6 5. c3 Qb6 6. Qb3 c4 7. Qc2 Bf5 8. Qc1 h6 9. h3 e6 10. Be2 Be7 11. 0-0 0-0 12. Nbd2 Qd8 13. Re1 b5 14. Bd1 b4 15. Bc2 a5 16. Ne5 Rc8 17. Qb1 Bxc2 18. Qxc2 Nxe5 19. Bxe5 Nd7 20. Rad1 Nxe5 21. dxe5 Qb6 22. Nf3 b3 23. Qb1 bxa2 24. Qxa2 Rb8 25. Rd2 Rfd8 26. Ra1 Ra8 27. Qa4 Bc5 28. Qd1 Rdb8 29. Ra4 Qc6 30. Qa1 Rb5 31. h4 g6 32. Ra2 Rab8 33. h5 Kg7 34. Qd1 R8b7 35. g3 Qc7 36. Kg2 g5 37. Nd4 Bxd4 38. exd4 Qe7 39. Qc2 g4 40. Rd1 Qg5 41. Rh1 Qf5 42. Qe2 Qf3+ 43. Qxf3 gxf3+ 44. Kxf3 1/2-1/2

[Event "Ho Chi Minh City HD Bank op 9th"]
[Site "Ho Chi Minh City"]
[Date "2019.03.07"]
[Round "1"]
[White "Bulmaga, Irina"]
[Black "Castellano, Christopher"]
[Result "1-0"]
[WhiteElo "2424"]
[BlackElo "2166"]
[PlyCount "135"]
[EventDate "2019.03.07"]
[EventType "swiss"]
[EventRounds "9"]
[EventCountry "VIE"]
[SourceTitle "CBM 189 Extra"]
[Source "ChessBase"]
[SourceDate "2019.06.03"]
[SourceVersion "1"]
[SourceVersionDate "2019.06.03"]
[SourceQuality "1"]

1. e4 d5 2. exd5 Qxd5 3. Nc3 Qd6 4. d4 Nf6 5. Nf3 a6 6. g3 Bg4 7. h3 Bh5 8. Bg2 Nc6 9. d5 Ne5 10. Bf4 Bxf3 11. Bxf3 Nxf3+ 12. Qxf3 e5 13. Bg5 h6 14. Bxf6 Qxf6 15. Qxf6 gxf6 16. 0-0-0 Bb4 17. Ne4 f5 18. Nd2 Bxd2+ 19. Rxd2 Ke7 20. Re1 Kd6 21. Re3 Rhg8 22. c4 b6 23. b4 e4 24. Rc3 a5 25. c5+ Kd7 26. cxb6 cxb6 27. b5 Rg6 28. Kd1 a4 29. Rc6 Rd6 30. Ke2 Ra5 31. Rb2 a3 32. Rb3 Rxd5 33. Rxb6 Kc7 34. Rc6+ Kb7 35. Rcc3 Kb6 36. Rc6+ Kb7 37. Ra6 Raxb5 38. Rxb5+ Rxb5 39. Rxa3 Kc6 40. Ke3 Kd5 41. Ra6 Ke5 42. f4+ Kd5 43. Rf6 Kc4 44. g4 Rb1 45. Rxf5 Re1+ 46. Kf2 Rh1 47. Rxf7 Rxh3 48. a4 Rf3+ 49. Ke2 Kb4 50. f5 Kxa4 51. Rh7 Kb4 52. Re7 Rf4 53. Ke3 Rf1 54. Rxe4+ Kc5 55. Re5+ Kd6 56. Re6+ Kd7 57. Rxh6 Ke7 58. Ke4 Kf7 59. Ra6 Kg7 60. Ke5 Re1+ 61. Kf4 Rb1 62. Ra7+ Kg8 63. Kg5 Rb4 64. f6 Rc4 65. Kh5 Rc8 66. Kg6 Rb8 67. Rg7+ Kf8 68. Rh7 1-0

[Event "Johor op 5th"]
[Site "Johor"]
[Date "2018.12.14"]
[Round "8"]
[White "Castellano, Christopher"]
[Black "Arfan, Aditya Bagus"]
[Result "1-0"]
[WhiteElo "2168"]
[BlackElo "1927"]
[PlyCount "137"]
[EventDate "2018.12.10"]
[EventType "swiss"]
[EventRounds "9"]
[EventCountry "MAS"]
[SourceTitle "CBM 187 Extra"]
[Source "ChessBase"]
[SourceDate "2018.11.04"]
[SourceVersion "1"]
[SourceVersionDate "2018.11.04"]
[SourceQuality "1"]

1. d4 Nf6 2. Bf4 g6 3. Nc3 d6 4. e4 Bg7 5. h4 Nc6 6. Be2 e5 7. dxe5 dxe5 8. Qxd8+ Kxd8 9. 0-0-0+ Bd7 10. Bg3 Kc8 11. h5 Nxh5 12. Bxh5 gxh5 13. f3 Nd4 14. Rxh5 f6 15. Nge2 Be8 16. Rh2 Nxe2+ 17. Nxe2 Bg6 18. Nc3 Rd8 19. Nd5 Rd7 20. Rd3 c6 21. Ne3 Rxd3 22. cxd3 Kd7 23. Bf2 Ke6 24. g3 Kf7 25. Nc4 Bf8 26. Be3 Kg8 27. Rc2 b6 28. Kd2 Bf7 29. Ke2 Be6 30. b3 Kf7 31. a4 Rc8 32. Rc1 Bb4 33. Bd2 Be7 34. Rh1 Kg8 35. Ra1 Bc5 36. b4 Bd4 37. Rc1 b5 38. Nd6 Rd8 39. Rxc6 bxa4 40. Nc4 Kf7 41. Be3 Rb8 42. Bxd4 exd4 43. b5 Bd7 44. Ra6 Kg8 45. Rxa4 Rxb5 46. Rxa7 Be6 47. Ra8+ Kg7 48. Rd8 Rb1 49. Rxd4 Rg1 50. g4 Kg6 51. Nd2 Kg5 52. Rd6 Bf7 53. Kf2 Rd1 54. Nf1 Bc4 55. f4+ Kh4 56. Ke2 Bb3 57. Rxf6 Ra1 58. g5 Kg4 59. Ne3+ Kg3 60. Nc4 Rc1 61. Ne5 Rc5 62. Ke3 Bd1 63. Rh6 Rc7 64. Rh1 Bb3 65. Rg1+ Kh2 66. Nf3+ Kh3 67. f5 Bg8 68. Kf4 Rd7 69. Rg3# 1-0

[Event "Penang op 10th"]
[Site "Penang"]
[Date "2018.12.08"]
[Round "9"]
[White "Castellano, Christopher"]
[Black "Lim, Chuin Hoong Ronnie"]
[Result "1-0"]
[WhiteElo "2168"]
[BlackElo "2299"]
[PlyCount "71"]
[EventDate "2018.12.03"]
[EventType "swiss"]
[EventRounds "9"]
[EventCountry "MAS"]
[SourceTitle "CBM 187 Extra"]
[Source "ChessBase"]
[SourceDate "2018.11.04"]
[SourceVersion "1"]
[SourceVersionDate "2018.11.04"]
[SourceQuality "1"]

1. d4 Nf6 2. Bf4 e6 3. e3 d5 4. Nd2 Bd6 5. Bg3 b6 6. Bd3 Bb7 7. c3 0-0 8. Ngf3 c5 9. Qe2 Nc6 10. Rd1 Re8 11. Ne5 Qc7 12. f4 Ne7 13. Qf3 Nf5 14. Bf2 Bf8 15. g4 Nd6 16. g5 Nfe4 17. Rg1 c4 18. Bc2 b5 19. a3 a5 20. Rg4 g6 21. Rh4 Nf5 22. Rh3 Ned6 23. Nf1 b4 24. Ng3 Bg7 25. Qg4 Ne4 26. Bxe4 dxe4 27. Nxf5 exf5 28. Qh4 Bd5 29. Qxh7+ Kf8 30. Rh6 Bxe5 31. dxe5 Qc6 32. h4 Ke7 33. h5 Rh8 34. Qxh8 Rxh8 35. Rxh8 gxh5 36. Bh4 1-0

[Event "Penang op 10th"]
[Site "Penang"]
[Date "2018.12.06"]
[Round "6"]
[White "Castellano, Christopher"]
[Black "Poh, Xuan Rui Ethan"]
[Result "1-0"]
[WhiteElo "2168"]
[BlackElo "2004"]
[PlyCount "151"]
[EventDate "2018.12.03"]
[EventType "swiss"]
[EventRounds "9"]
[EventCountry "MAS"]
[SourceTitle "CBM 187 Extra"]
[Source "ChessBase"]
[SourceDate "2018.11.04"]
[SourceVersion "1"]
[SourceVersionDate "2018.11.04"]
[SourceQuality "1"]

1. d4 Nf6 2. Bf4 g6 3. Nc3 d5 4. e3 Bg7 5. h4 b6 6. a4 c6 7. Be2 h5 8. Nf3 Ba6 9. Ne5 Bxe2 10. Qxe2 Nfd7 11. Nd3 Nf6 12. a5 b5 13. Nb4 Qd7 14. f3 Qb7 15. Nca2 Nbd7 16. Nd3 c5 17. dxc5 e5 18. Nxe5 Nxc5 19. Nc3 a6 20. Nd3 Ne6 21. Be5 0-0 22. Nb4 Rfe8 23. 0-0-0 Rad8 24. Bxf6 Bxf6 25. Ncxd5 Bg7 26. Qf2 Nc5 27. Kb1 Qc8 28. c3 Nb3 29. Qc2 Nxa5 30. Rd3 Nc4 31. Rhd1 Kh7 32. e4 Qb7 33. Ne3 Nxe3 34. Rxe3 a5 35. Rxd8 Rxd8 36. Nd5 a4 37. Rd3 Ra8 38. Ka2 Qc6 39. Rd1 Qc4+ 40. Kb1 a3 41. Nb6 Qc6 42. Nxa8 b4 43. Qb3 Qxa8 44. Qxb4 axb2 45. Kxb2 Qa7 46. Rd2 Qe3 47. Kc2 Bh6 48. Qd4 Qe1 49. c4 Bxd2 50. Qxd2 Qa1 51. Kd3 Qf1+ 52. Kc3 Qa1+ 53. Kb3 Qb1+ 54. Ka3 Qb7 55. Qd5 Qa7+ 56. Kb4 Qb6+ 57. Qb5 Qd4 58. Kb3 Qd3+ 59. Ka4 Qd4 60. Qd5 Qa7+ 61. Kb5 Qb8+ 62. Kc6 Qc8+ 63. Kd6 Qd8+ 64. Ke5 Qh8+ 65. Kf4 Qf6+ 66. Kg3 Qc3 67. Qxf7+ Kh6 68. Qf4+ Kh7 69. e5 Qe1+ 70. Kh2 Qf2 71. e6 Qe1 72. Qf7+ Kh6 73. Qf8+ Kh7 74. Qe7+ Kh6 75. Qf6 Qf2 76. Qh8# 1-0